Kleuren van de Regenboog - Statistieken

Algemene statistieken
  • Deze quiz is 181 keer genomen
  • De gemiddelde score is 6 van 7
Antwoordstatistieken
Antwoord % Correct
Geel
99%
Blauw
98%
Rood
98%
Groen
95%
Oranje
92%
Violet
60%
Indigo
40%
Geen overeenkomende quizzen gevonden
Scoreverdeling
Procent van Mensen met Elke Score
Percentiel versus Aantal Correcte Antwoorden
Uw Scoregeschiedenis
U heeft deze quiz nog niet genomen